000 00296nam a22001097a 4500
008 170111b xxu||||| |||| 00| 0 eng d
020 _a083857703
041 _aeng
080 _a618.2
245 _aPAIN/ A NURSING APPROACH TO ASSESSMENT AND ANALYSIS
_cMEINHART, N.T & MCCAFFERY, M
942 _2udc
_cBK
999 _c2690
_d2690